00548nam a2200205Ia 4500001000900000003000500009005001700014008004100031010001100072020001800083040000900101082001100110100002500121245009000146260003800236300001100274503000800285650002100293650002800314dia_1166CHAP20230120110755.0220117s1991 xx 000 0 und d a171713 a968-422-786-8 cCHAP a510 D5 aDíaz Mata, Alfredo aMatemáticas Financieras /c por Alfredo Díaz Mata y Victor Manuel Aguilera Gomez aMéxico :b Macgraw-Hill,c1991 a469 p. aC/e a1.Matemáticas  aFinanzasxmatemáticas